| 000 | 00459nam a22001817a 4500 | ||
|---|---|---|---|
| 003 | CEME | ||
| 005 | 20210628201700.0 | ||
| 008 | 210201b xxu||||| |||| 00| 0 eng d | ||
| 020 | _a0-00-274085-0 | ||
| 040 | _c. | ||
| 082 | _a823.008 BLY | ||
| 100 |
_aBlyton, Enid _911689 |
||
| 245 | _aThe fabulous the very big secret 4 | ||
| 260 |
_aNEW YORK _bHARPER COLLINS _c2000 |
||
| 300 | _a86P | ||
| 650 |
_aENGLISH LITERATURE-FICTION _91857 |
||
| 942 |
_cBK _2ddc |
||
| 999 |
_c566785 _d566785 |
||